000 00320nam a2200121 4500
008 230703b xxu||||| |||| 00| 0 eng d
020 _a9966948570
082 _a339.1
_bKAR
100 _cDavid K. kariuki
245 _aRevamping the Pyrethrum Sub-sector in kenya through value Addition
300 _a39p
942 _2ddc
_cBK
999 _c3510
_d3510